Les 3 meilleurs milieux défensifs/centraux par pays dans l'histoire - Statistiques

Statistiques générales
  • Ce quiz a été pris 114 fois
  • Le résultat moyen est 14 sur 30
Statistiques - réponses
Pays Club principal Joueurs % Correct
France FC Arsenal Patrick Vieira
90%
Espagne FC Barcelone Andres Iniesta
88%
Espagne FC Barcelone Sergio Busquets
88%
Espagne FC Barcelone Xavi
88%
Angleterre FC Chelsea Frank Lampard
84%
Angleterre FC Liverpool Steven Gerrard
83%
Allemagne Réal Madrid Toni Kroos
81%
Italie AC Milan Andrea Pirlo
79%
France Juventus Turin Paul Pogba
77%
Angleterre Manchester United Paul Scholes
70%
Italie AC Milan Gennaro Gattuso
61%
Italie AS Roma Daniele de Rossi
55%
Pays-Bas AC Milan Clarence Seedorf
52%
France FC Arsenal Emmanuel Petit
51%
Portugal FC Porto Deco
49%
Belgique Borussia Dortmund Axel Witsel
47%
Pays-Bas AC Milan Frank Rijkaard
45%
Belgique Leicester City Youri Tielemans
45%
Allemagne Bayern Munich Lothar Matthaus
40%
Brésil FC Arsenal Gilberto Silva
36%
Allemagne Borussia Dortmund Matthias Sammer
25%
Portugal FC Porto Luis Maniche
16%
Brésil Botafoga Socratés
16%
Argentine FC Séville Ever Banega
15%
Pays-Bas Ajax Amsterdam Johan Neeskens
9%
Argentine Lazio Rome Diego Simeone
5%
Portugal Benfica Lisbonne Mario Coluna
4%
Belgique Standard de Liège Jan Ceulemans
3%
Brésil Flamengo Gérson
1%
Argentine Tottenham Hotspurs Osvaldo Ardiles
1%
Aucun quiz correspondant
Distribution des résultats
% des personnes avec chaque résultat
Percentile par nombre de réponses
Votre historique - résultats
Vous n’avez pas pris ce quiz